02594 am a2200541 a 450000500170000000800410001702000080005804100080006609200210007424501430009525000110023826000370024930000110028650001940029759000500049165300600054165300520060165300400065365300490069365300370074265300300077965300390080965300390084865300600088765300430094765300410099065300420103165300400107365300250111365300310113865300320116965300290120165300460123065300570127665300490133370000410138270000400142370000410146370000410150470000350154570000400158070000480162093000090166894200120167799900130168995201670170295201830186920240522104418.0100325q1990||||ag d f |||| 000 0 spa d aS/N aspa c616.132l34sHIP aHipertensión Arterial.bAreas de cardiología de los hospitales del gobierno de la ciudad de Buenos Aires / cHoracio Romero Villanueva a1a ed. aBuenos Aires: bRoemmers;c1999? a219 p. aRomero Villanueva, H. (Ed.). et al. (1999?). Hipertensión Arterial. Áreas de cardiología de los hospitales del gobierno de la ciudad de Buenos Aires. (1a ed.) Buenos Aires : Roemmers. aDonación Dr. Pablo Olavegogeascoechea, 2008 aFisiopatología de la hipertensión arterial primaria aRiesgo cardiovascular e hipertensión arterial aMedición de la presión arterial aMonitoreo ambulatorio de la presion arterial aHipertensión arterial esencial aHipertensión secundaria aHipertensión arterial y diabetes aObesidad e hipertensión arterial aHipertensión arterial y apnea obstructiva del sueño aHipertensión arterial en el embarazo aHipertensión arterial y menopausia aHipertensión arterial en el anciano aHipertensión arterial refractaria aCrisis hipertensivas aTerapia no farmacológica aTratamiento farmacológico aDrogas antihipertensivas aInteracciones de drogas antihipertensivas aGuías para el manejo de la hipertensión arterial aNuevos fármacos hipotensores en desarrollo1 aRomero Villanueva, HoracioeEd.94111 aDominé, Enrique Marcelo9412eEd.1 aMezzalira, VictoreEd. asociado94131 aSalzberg, SimóneEd. asociado94141 aVidal, LuiseEd. asociado94151 aKirszner, TobiaseEd. asociado94161 aHirschson Prado, AlfredoeEd. asociado9417 a1945 2ddccBK c177d177 00102ddc4070aBFMbBFMcCRd2011-05-13eDonación Dr. Pablo Olavegogeascoechea, 2008 l5o616.132 34 HIPp1945r2014-11-06s2013-05-15tej.1w2011-05-13yBKf 00102ddc4070aBFMbBFMcCRd2015-10-28eDonación del Doctor Buzeki H.l2o616.132 75 ROMp3619r2018-05-28s2018-05-24tEj.2w2015-10-28yBKzDonación del Doctor Buzeki H.